| 000 -LEADER |
| fixed length control field |
01149pam a2200361 a 4500 |
| 001 - CONTROL NUMBER |
| control field |
006890926 |
| 003 - CONTROL NUMBER IDENTIFIER |
| control field |
Uk |
| 005 - DATE AND TIME OF LATEST TRANSACTION |
| control field |
20230228142029.0 |
| 008 - FIXED-LENGTH DATA ELEMENTS--GENERAL INFORMATION |
| fixed length control field |
040120r20042002enk j| 000 1|eng |
| 015 ## - NATIONAL BIBLIOGRAPHY NUMBER |
| National bibliography number |
GBA4Z3245 |
| Source |
bnb |
| 016 7# - NATIONAL BIBLIOGRAPHIC AGENCY CONTROL NUMBER |
| Record control number |
006890926 |
| Source |
Uk |
| 020 ## - INTERNATIONAL STANDARD BOOK NUMBER |
| International Standard Book Number |
9780746060513 (pbk) : |
| 039 0# - LEVEL OF BIBLIOGRAPHIC CONTROL AND CODING DETAIL [OBSOLETE] |
| Level of rules in bibliographic description |
2777 |
| 040 ## - CATALOGING SOURCE |
| Original cataloging agency |
StDuBDS |
| Modifying agency |
Uk |
| -- |
KH8 |
| Transcribing agency |
STD |
| 042 ## - AUTHENTICATION CODE |
| Authentication code |
ukblsr |
| 082 04 - DEWEY DECIMAL CLASSIFICATION NUMBER |
| Classification number |
823.914 AME |
| Edition number |
22 |
| 100 1# - MAIN ENTRY--PERSONAL NAME |
| Personal name |
Amery, Heather. |
| Relator term |
author |
| 245 14 - TITLE STATEMENT |
| Title |
The hungry donkey / |
| Statement of responsibility, etc. |
Heather Amery ; illustrated by Stephen Cartwright. |
| 260 ## - PUBLICATION, DISTRIBUTION, ETC. |
| Place of publication, distribution, etc. |
London : |
| Name of publisher, distributor, etc. |
Usborne, |
| Date of publication, distribution, etc. |
2004. |
| 300 ## - PHYSICAL DESCRIPTION |
| Extent |
16 p. : |
| Other physical details |
chiefly col. ill. ; |
| Dimensions |
21cm. |
| 336 ## - CONTENT TYPE |
| Content type term |
text |
| Source |
rdacontent |
| 337 ## - MEDIA TYPE |
| Media type term |
unmediated |
| Source |
rdamedia |
| 338 ## - CARRIER TYPE |
| Carrier type term |
volume |
| Source |
rdacarrier |
| 490 1# - SERIES STATEMENT |
| Series statement |
Usborne farmyard tales |
| 500 ## - GENERAL NOTE |
| General note |
Originally published: 2002. |
| 500 ## - GENERAL NOTE |
| General note |
Formerly CIP. |
| Institution to which field applies |
Uk |
| 650 #0 - SUBJECT ADDED ENTRY--TOPICAL TERM |
| Topical term or geographic name entry element |
Apple Tree Farm (Imaginary place) |
| Form subdivision |
Pictorial works |
| -- |
Juvenile fiction. |
| 650 #0 - SUBJECT ADDED ENTRY--TOPICAL TERM |
| Topical term or geographic name entry element |
Donkeys |
| Form subdivision |
Pictorial works |
| -- |
Juvenile fiction. |
| 655 07 - INDEX TERM--GENRE/FORM |
| Genre/form data or focus term |
Children's stories |
| Form subdivision |
Pictorial works. |
| Source of term |
lcsh |
| 700 1# - ADDED ENTRY--PERSONAL NAME |
| Personal name |
Cartwright, Stephen, |
| Dates associated with a name |
1947-2004. |
| 830 #0 - SERIES ADDED ENTRY--UNIFORM TITLE |
| Uniform title |
Usborne farmyard tales. |
| 942 ## - ADDED ENTRY ELEMENTS (KOHA) |
| Source of classification or shelving scheme |
|
| Koha item type |
Books - Non Ficton |